00531pam a2200193 a 4500001000800000005001700008008004100025010001700066020003800083040001800121041000800139043001200147080002600159082003000185100000700215101000800222245004300230504006400273248567020180302041004.0910802s1991 nyua b s001 0 eng  a 91005061  a0814779344 (alk. paper) :c$35.00 aDLCcDLCdDLC aeng an-us-pa a306.8720974809033 SMI00a306.8720974809033 SMI2201 a50 aSOC10aBreaking the bonds :cMerril D. Smith. aIncludes bibliographical references (p. 213-219) and index.